Statistiques concernant Cinéma commençant par la lettre D

Cliquez ici pour prendre le quiz!

Statistiques générales

  • Ce quiz a été pris 1 257 fois
  • Le résultat moyen est 6 sur 12

Statistiques - réponses

HintRéponse% Correct
Jennifer Grey et Patrick Swayze dansant ensembleDirty Dancing
81%
Voiture utilisée par le Doc et Marty pour voyager dans le tempsDeLorean
79%
Film sur un esclave noir libéré part à la rescousse de sa femmeDjango Unchained
63%
Genre non-fictif servant à l'information et la didactiqueDocumentaire
63%
Acteur interprétant l'ennemi principal de ce dernierLeonardo DiCaprio
56%
Cinéaste québecois, lauréat à Cannes à seulement 25 ansXavier Dolan
52%
Ses trois uniques films sont devenus des classiques du cinéma américainJames Dean
42%
S'est fait connaître aux côtés de Depardieu, avant de disparaitre à 35 ansPatrick Dewaere
35%
Réalisateur français, ayant fait chanté cette dernière aux côtés de sa soeurJacques Demy
32%
Sœur Deneuve, disparue en 1967Françoise Dorléac
27%
À la fois Mr. Ripley et Mr. KleinAlain Delon
24%
Huitième film de son réalisateur danois, sur un cascadeur menant une double vieDrive
16%

Distribution des résultats

Percentile par nombre de réponses

% des personnes avec chaque résultat

Votre développement - résultats

Vous n’avez pas pris ce quiz